| 000 | 01927cam a22004697a 4500 | ||
|---|---|---|---|
| 001 | 7918919 | ||
| 003 | OSt | ||
| 005 | 20210903122452.0 | ||
| 006 | m d | ||
| 007 | cr n | ||
| 008 | 090206s2009 gw a sb 001 0 eng d | ||
| 015 |
_a992147751 _2dnb |
||
| 020 | _a9783642101144 | ||
| 035 | _a(WaSeSS)ssj0000318368 | ||
| 038 | _akhadija | ||
| 040 |
_aBTCTA _cBTCTA _dYDXCP _dBWX _dOHX _dMYG _dGBVCP _dMUU _dDLC _dWaSeSS |
||
| 042 | _alccopycat | ||
| 050 | 4 |
_aQ335 _b.I5433 2009 |
|
| 082 | 0 | 0 |
_a006.3 _223 _bINT |
| 100 |
_aGen, Mitsuo _982131 |
||
| 210 | 1 | 0 | _aIntelligent and evolutionary systems |
| 245 | 0 | 0 |
_aIntelligent and evolutionary systems / _cMitsuo Gen |
| 260 |
_aBerlin : _bSpringer, _cc2009. |
||
| 490 | 1 |
_aStudies in computational intelligence, _x1860-949x ; _v187 |
|
| 500 | _aA selection of fourteen papers from the Asia Pacific Symposium on Intelligent and Evolutionary Systems. | ||
| 504 | _aIncludes bibliographical references and index. | ||
| 506 | _aLicense restrictions may limit access. | ||
| 563 | _apaperback | ||
| 650 | 0 |
_aArtificial intelligence _vCongresses. _982107 |
|
| 650 | 0 |
_aEvolutionary programming (Computer science) _vCongresses. _982132 |
|
| 650 | 0 |
_aEvolutionary computation _vCongresses. _982133 |
|
| 650 | 0 |
_aIntelligent control systems _vCongresses. _982134 |
|
| 650 | 4 |
_aEvolutionärer Algorithmus _vAufsatzsammlung. _982135 |
|
| 650 | 4 |
_aLernendes System _xSoft Computing _vAufsatzsammlung. _982136 |
|
| 700 | 1 |
_aGen, Mitsuo, _d1944- _982137 |
|
| 711 | 2 |
_aAsia Pacific Symposium on Intelligent and Evolutionary Systems. _982138 |
|
| 773 | 0 | _tSpringerLink ebooks - Engineering (2009) | |
| 830 | 0 |
_aStudies in computational intelligence ; _v187. _981268 |
|
| 856 | 4 | 0 |
_uhttp://www.columbia.edu/cgi-bin/cul/resolve?clio7918919 _zFull text available from SpringerLink ebooks - Engineering (2009) |
| 910 | _aLibrary of Congress record | ||
| 942 |
_2ddc _cBK |
||
| 999 |
_c32952 _d32952 |
||